[Event "LLWestMV2014-15"]
[Site "?"]
[Date "2014.12.07"]
[Round "4.1"]
[White "Junggebauer, Thomas"]
[Black "Montag, Ralf"]
[Result "0-1"]
[WhiteElo "1786"]
[BlackElo "1937"]
[PlyCount "118"]
[EventType "team-tourn"]
[EventRounds "9"]
[WhiteTeam "ASV GW Wismar II"]
[BlackTeam "Volley-Tigers Ludwigslust 2000"]

1. e4 c5 2. Nf3 Nc6 3. d4 cxd4 4. Nxd4 g6 5. Nc3 Bg7 6. Be3 Nf6 7. Be2 O-O 8.
O-O d5 9. exd5 Nb4 10. Bf3 Nfxd5 11. Nxd5 Nxd5 12. Bg5 h6 13. Bc1 e5 14. Nb5
Be6 15. c4 Nb6 16. c5 Bc4 17. cxb6 Bxb5 18. Qxd8 Rfxd8 19. Re1 axb6 20. Be3 Bc6
21. Bxb6 Rd2 22. Re2 Rxe2 23. Bxe2 e4 24. Bc4 Bxb2 25. Rb1 Be5 26. h3 Kg7 27.
Bb3 f5 28. Rd1 Kf6 29. Bd8+ Kg7 30. Bb6 g5 31. Bd8 Kg6 32. Bb6 Re8 33. Bc2 Re7
34. Bb3 Bf4 35. Bc4 Bc7 36. Bc5 Rd7 37. Rxd7 Bxd7 38. Bd4 Bc6 39. Kf1 f4 40.
Ke2 f3+ 41. Kf1 Kf5 42. g3 Be5 43. Bc5 h5 44. Be3 Bf6 45. Bb6 Ke5 46. Ba5 Kd4
47. Bf7 h4 48. Bb6+ Kc3 49. Ba5+ Kd3 50. gxh4 gxh4 51. Be6 Bb5 52. Kg1 Bc4 53.
Bc8 b5 54. Bd7 Ke2 55. Bc6 e3 56. Bb6 Bg5 57. a3 exf2+ 58. Bxf2 Be3 59. Bxe3
Kxe3 0-1

[Event "LLWestMV2014-15"]
[Site "?"]
[Date "2014.12.07"]
[Round "4.2"]
[White "Illgen, Alexander"]
[Black "Piske, Thomas"]
[Result "1-0"]
[WhiteElo "1898"]
[BlackElo "1777"]
[PlyCount "77"]
[EventType "team-tourn"]
[EventRounds "9"]
[WhiteTeam "Volley-Tigers Ludwigslust 2000"]
[BlackTeam "ASV GW Wismar II"]

1. d4 Nf6 2. c4 g6 3. Nc3 Bg7 4. e4 d6 5. Be2 O-O 6. Nf3 Nc6 7. d5 Ne5 8. O-O
Nxf3+ 9. Bxf3 e5 10. Bg5 Qe8 11. Be2 Nd7 12. Be3 f5 13. f3 f4 14. Bf2 b6 15. b4
a5 16. a3 g5 17. Nb5 Qd8 18. Qc2 Nf6 19. c5 axb4 20. axb4 Rxa1 21. Rxa1 bxc5
22. bxc5 Bd7 23. cxd6 cxd6 24. Nxd6 g4 25. Nc4 gxf3 26. Bxf3 Ng4 27. Bc5 Rf7
28. h3 Nh6 29. Nb6 Qc7 30. Bh5 Rf6 31. Nxd7 Qxd7 32. Ra8+ Bf8 33. Qb2 Qc7 34.
Qb4 Qg7 35. Kh1 f3 36. Bxf3 Rxf3 37. gxf3 Qg3 38. Rxf8+ Kg7 39. Qd2 1-0

[Event "LLWestMV2014-15"]
[Site "?"]
[Date "2014.12.07"]
[Round "4.3"]
[White "Wagner, Bernd"]
[Black "Krueger, Horst"]
[Result "0-1"]
[WhiteElo "1764"]
[BlackElo "1897"]
[PlyCount "100"]
[EventType "team-tourn"]
[EventRounds "9"]
[WhiteTeam "ASV GW Wismar II"]
[BlackTeam "Volley-Tigers Ludwigslust 2000"]

1. d4 d5 2. c4 c6 3. Nc3 Nf6 4. Bf4 e6 5. e3 Bd6 6. Bg3 Bxg3 7. hxg3 b6 8. Bd3
Ba6 9. b3 Qe7 10. a3 h6 11. f3 dxc4 12. Bxc4 Bxc4 13. bxc4 O-O 14. Nge2 e5 15.
d5 e4 16. Kf2 Re8 17. Qd4 Nbd7 18. dxc6 Nc5 19. Nd5 Nxd5 20. cxd5 Nb3 21. d6
Nxd4 22. dxe7 Nxc6 23. Rac1 exf3 24. gxf3 Nxe7 25. Rhd1 Rec8 26. e4 Rxc1 27.
Rxc1 Rc8 28. Rd1 Rc7 29. Ke3 f6 30. Rd6 Kf7 31. Kd3 Nc6 32. f4 Ke7 33. Rd5 Rd7
34. Kc4 a6 35. Nc3 Rc7 36. Rd1 Na5+ 37. Kd3 Rd7+ 38. Nd5+ Kf7 39. Kc3 Nb7 40.
Rb1 b5 41. Kd4 Na5 42. Kc5 Nc4 43. Rb3 Ke6 44. Rd3 Nb2 45. Rd4 Na4+ 46. Kc6
Rd6+ 47. Kc7 Nc3 48. Rd3 Nxe4 49. Re3 Kxd5 50. Rxe4 Kxe4 0-1

[Event "LLWestMV2014-15"]
[Site "?"]
[Date "2014.12.07"]
[Round "4.4"]
[White "Hilpert, Andreas"]
[Black "Schubert, Erik"]
[Result "0-1"]
[WhiteElo "1835"]
[BlackElo "1737"]
[PlyCount "52"]
[EventType "team-tourn"]
[EventRounds "9"]
[WhiteTeam "Volley-Tigers Ludwigslust 2000"]
[BlackTeam "ASV GW Wismar II"]

1. e4 e5 2. Nf3 Nc6 3. Bc4 Bc5 4. c3 Nf6 5. b4 Bb6 6. d3 d6 7. a4 a5 8. b5 Ne7
9. Bb3 O-O 10. Bg5 Ng6 11. h4 h6 12. h5 Nf4 13. Bxf4 exf4 14. Qd2 Ng4 15. d4
Qf6 16. Nh2 Re8 17. Nxg4 Rxe4+ 18. Kf1 Bxg4 19. f3 Re3 20. fxg4 Rae8 21. Na3 f3
22. g3 f2 23. Bd5 Re1+ 24. Kg2 f1=Q+ 25. Rxf1 Qxf1+ 26. Kh2 R8e2+ 0-1

[Event "LLWestMV2014-15"]
[Site "?"]
[Date "2014.12.07"]
[Round "4.5"]
[White "Schmidtke, Wilfried"]
[Black "Tuchtenhagen, Harald"]
[Result "0-1"]
[WhiteElo "1630"]
[BlackElo "1797"]
[PlyCount "52"]
[EventType "team-tourn"]
[EventRounds "9"]
[WhiteTeam "ASV GW Wismar II"]
[BlackTeam "Volley-Tigers Ludwigslust 2000"]

1. b4 e5 2. Bb2 Bxb4 3. Bxe5 Nf6 4. e3 Nc6 5. Bb2 O-O 6. Nf3 d5 7. c4 Re8 8.
Nc3 d4 9. Ne2 dxe3 10. fxe3 Rxe3 11. Kf2 Ng4+ 12. Kg1 Rd3 13. Ned4 Nxd4 14.
Bxd3 Bc5 15. Kf1 Nf5 16. Bxf5 Bxf5 17. Ne1 Nf2 18. Qf3 Nxh1 19. d4 Bxd4 20. Rd1
c5 21. Qxf5 Qh4 22. Bxd4 cxd4 23. Rd3 Re8 24. Rd1 g6 25. Qf3 Qxh2 26. Rxd4 Ng3+
0-1

[Event "LLWestMV2014-15"]
[Site "?"]
[Date "2014.12.07"]
[Round "4.6"]
[White "Mitscherling, Reinhard"]
[Black "Luu, Vinh Phuc"]
[Result "0-1"]
[WhiteElo "1791"]
[BlackElo "1563"]
[PlyCount "96"]
[EventType "team-tourn"]
[EventRounds "9"]
[WhiteTeam "Volley-Tigers Ludwigslust 2000"]
[BlackTeam "ASV GW Wismar II"]

1. d4 d5 2. Nf3 e6 3. c4 Nf6 4. Nc3 c6 5. e3 Nbd7 6. Bd3 Be7 7. O-O O-O 8. b3
Qc7 9. Bb2 b6 10. Rc1 Bb7 11. cxd5 exd5 12. Qe2 Rac8 13. h3 Rfe8 14. Rfe1 Bb4
15. a3 Bxc3 16. Bxc3 Ne4 17. Bb2 f5 18. Ne5 Nxe5 19. dxe5 Qf7 20. b4 Ng5 21. f4
Ne6 22. Qc2 g6 23. Qd2 c5 24. Be2 Red8 25. bxc5 Nxc5 26. Qb4 Qe7 27. Bd4 Rd7
28. Red1 Rdc7 29. Bxc5 Rxc5 30. Rxc5 Qxc5 31. Qxc5 Rxc5 32. Bf3 Kf7 33. Rd3 Ke6
34. g4 Ba6 35. Rb3 Rc1+ 36. Kf2 Bc4 37. Rb4 Rc2+ 38. Kg3 Rc3 39. a4 Rxe3 40.
Kf2 Rb3 41. Rxb3 Bxb3 42. a5 bxa5 43. Ke3 a4 44. Kd4 a3 45. Kc3 a2 46. Kb2 Bc4
47. g5 d4 48. h4 d3 0-1

[Event "LLWestMV2014-15"]
[Site "?"]
[Date "2014.12.07"]
[Round "4.7"]
[White "Noelter, Gerd"]
[Black "Emmrich, Olaf"]
[Result "1/2-1/2"]
[WhiteElo "1619"]
[BlackElo "1785"]
[PlyCount "89"]
[EventType "team-tourn"]
[EventRounds "9"]
[WhiteTeam "ASV GW Wismar II"]
[BlackTeam "Volley-Tigers Ludwigslust 2000"]

1. d4 Nf6 2. Nf3 d5 3. Bf4 e6 4. e3 Bd6 5. Bxd6 Qxd6 6. c3 Nbd7 7. Bd3 e5 8.
dxe5 Nxe5 9. Nxe5 Qxe5 10. Nd2 O-O 11. O-O Bg4 12. Be2 Bxe2 13. Qxe2 c6 14.
Rfd1 Rad8 15. Nf3 Qe7 16. Nd4 Rfe8 17. Qf3 Ne4 18. Rac1 Ng5 19. Qg4 Ne6 20. g3
Nxd4 21. Rxd4 Rd6 22. Qf3 Rf6 23. Rf4 Rxf4 24. Qxf4 Qe5 25. Qxe5 Rxe5 26. Re1
Kf8 27. f3 Ke7 28. Kf2 Kd6 29. Rd1 Kc5 30. g4 a5 31. Rd4 b5 32. b4+ axb4 33.
cxb4+ Kb6 34. Ke2 Re7 35. a3 Ra7 36. Rd3 g6 37. Rc3 f5 38. g5 Re7 39. Kd3 Kc7
40. Kd4 Kd6 41. Rd3 Rf7 42. Rd2 Ra7 43. Rd3 Re7 44. Rd2 Ra7 45. Rd3 1/2-1/2

[Event "LLWestMV2014-15"]
[Site "?"]
[Date "2014.12.07"]
[Round "4.8"]
[White "Altenburg, Reiner"]
[Black "Madaus, Hans"]
[Result "1-0"]
[WhiteElo "1642"]
[BlackElo "1316"]
[PlyCount "53"]
[EventType "team-tourn"]
[EventRounds "9"]
[WhiteTeam "Volley-Tigers Ludwigslust 2000"]
[BlackTeam "ASV GW Wismar II"]

1. d4 d5 2. c4 dxc4 3. Nc3 Nf6 4. e4 Nc6 5. e5 Nd5 6. Bxc4 Nxc3 7. bxc3 a6 8.
Nf3 b5 9. Bxf7+ Kxf7 10. Ng5+ Ke8 11. Qf3 Qd7 12. e6 Qd6 13. Bf4 Nxd4 14. cxd4
Qb4+ 15. Bd2 Qxd4 16. O-O Rb8 17. Qc6+ Bd7 18. exd7+ Qxd7 19. Qf3 e5 20. Rad1
Bd6 21. Bb4 Rf8 22. Qd5 h6 23. Bxd6 cxd6 24. Ne4 Ke7 25. Nxd6 Rbd8 26. Qxe5+
Qe6 27. Qxg7+ 1-0

[Event "LLWestMV2014-15"]
[Site "?"]
[Date "2014.12.07"]
[Round "4.1"]
[White "Graffenberger, Martin"]
[Black "Dupke, Andreas"]
[Result "0-1"]
[WhiteElo "1865"]
[BlackElo "1772"]
[PlyCount "83"]
[EventType "team-tourn"]
[EventRounds "9"]
[WhiteTeam "VfL Blau Weisz Neukloster"]
[BlackTeam "SG Eintracht Neubrandenburg II"]

1. e4 c5 2. Nc3 e6 3. f4 a6 4. Nf3 b5 5. d3 Bb7 6. Qe2 b4 7. Nb1 Nf6 8. Be3 d5
9. e5 Nfd7 10. d4 Nc6 11. dxc5 Rc8 12. Nbd2 Na5 13. Qf2 Bxc5 14. Bd3 Bxe3 15.
Qxe3 Nc5 16. O-O Qe7 17. Nd4 Nxd3 18. cxd3 O-O 19. f5 exf5 20. Nxf5 Qd8 21. Qg3
g6 22. d4 Nc4 23. Nb3 Rc7 24. Nc5 Kh8 25. Nd6 Bc8 26. Rf6 Re7 27. Raf1 Qc7 28.
Qf4 Nxe5 29. Nxc8 Qxc8 30. Nxa6 Nd7 31. Qd6 Re2 32. R6f3 Re6 33. Qxd5 Rxa6 34.
Rxf7 Nf6 35. Rxf8+ Qxf8 36. Qe5 Kg7 37. g4 Qd6 38. Qxd6 Rxd6 39. Rf4 g5 40. Rf5
h6 41. a3 Rxd4 42. h3 0-1

[Event "LLWestMV2014-15"]
[Site "?"]
[Date "2014.12.07"]
[Round "4.2"]
[White "Meyer, Detlef"]
[Black "Skriwanek, Arne"]
[Result "0-1"]
[WhiteElo "1808"]
[BlackElo "1762"]
[PlyCount "60"]
[EventType "team-tourn"]
[EventRounds "9"]
[WhiteTeam "SG Eintracht Neubrandenburg II"]
[BlackTeam "VfL Blau Weisz Neukloster"]

1. e4 e6 2. d4 d5 3. Nc3 dxe4 4. Nxe4 Nf6 5. Bg5 Be7 6. Nxf6+ Bxf6 7. Bxf6 Qxf6
8. Nf3 Nc6 9. c3 Bd7 10. Bd3 h6 11. O-O O-O 12. Re1 Rad8 13. Qd2 Rfe8 14. Rad1
b6 15. Bb1 Ne7 16. Qc2 Ng6 17. Ne5 Nxe5 18. dxe5 Qg5 19. Qe4 Bb5 20. h4 Qf5 21.
Rxd8 Rxd8 22. Qb7 Qf4 23. g3 Qd2 24. Qe4 Bc6 25. Qh7+ Kf8 26. Rf1 Qd5 27. f3
Qxe5 28. Kg2 Qe2+ 29. Kg1 Bxf3 30. Qc2 Rd2 0-1

[Event "LLWestMV2014-15"]
[Site "?"]
[Date "2014.12.07"]
[Round "4.4"]
[White "Leisner, Ekkehardt"]
[Black "Freitag, Werner"]
[Result "1/2-1/2"]
[WhiteElo "1616"]
[BlackElo "1709"]
[PlyCount "71"]
[EventType "team-tourn"]
[EventRounds "9"]
[WhiteTeam "SG Eintracht Neubrandenburg II"]
[BlackTeam "VfL Blau Weisz Neukloster"]

1. c4 c5 2. Nc3 Nc6 3. g3 b6 4. Bg2 Bb7 5. e4 e5 6. d3 Nf6 7. Nge2 d6 8. O-O
Be7 9. f4 O-O 10. Nd5 Nxd5 11. exd5 Nd4 12. Nxd4 exd4 13. Bd2 f5 14. b4 a6 15.
Rb1 Qc7 16. Re1 Rae8 17. Qa4 Kf7 18. bxc5 bxc5 19. Ba5 Qc8 20. Rb6 Bd8 21. Rxd6
Bxa5 22. Qxa5 Rxe1+ 23. Qxe1 Re8 24. Qd1 Re3 25. Rb6 Qc7 26. Qb3 Bc8 27. d6 Qd8
28. Bd5+ Kf8 29. Rb8 Qe8 30. Qd1 Re1+ 31. Qxe1 Qxe1+ 32. Kg2 Qe2+ 33. Kh3 Qh5+
34. Kg2 Qe2+ 35. Kh3 Qh5+ 36. Kg2 1/2-1/2

[Event "LLWestMV2014-15"]
[Site "?"]
[Date "2014.12.07"]
[Round "4.5"]
[White "Schawaller, Norbert"]
[Black "Sommer, Hans-Hermann"]
[Result "1/2-1/2"]
[WhiteElo "1473"]
[BlackElo "1654"]
[PlyCount "142"]
[EventType "team-tourn"]
[EventRounds "9"]
[WhiteTeam "VfL Blau Weisz Neukloster"]
[BlackTeam "SG Eintracht Neubrandenburg II"]

1. e4 c5 2. Bc4 Nf6 3. Nc3 Nc6 4. Nf3 d6 5. d4 cxd4 6. Nxd4 e5 7. Nxc6 bxc6 8.
f3 Be7 9. Be3 O-O 10. O-O Qa5 11. Qd3 Be6 12. Bxe6 fxe6 13. Ne2 d5 14. c3 c5
15. c4 d4 16. Bd2 Qb6 17. b3 a5 18. a4 Nd7 19. Rab1 Qd8 20. Nc1 Bg5 21. Qe2 Qe7
22. Nd3 Bxd2 23. Qxd2 h6 24. Rb2 Qd6 25. Qe2 Rf7 26. Qf2 Raf8 27. Qe1 Qc7 28.
Qg3 Qd6 29. Qe1 Nf6 30. Rff2 Qc7 31. Qd2 Nh5 32. Qd1 Nf4 33. h3 Rd8 34. Qd2 g5
35. Kh2 Kg7 36. g3 Ng6 37. Kg2 Ra8 38. Qe2 h5 39. Qd2 Qe7 40. Qe2 h4 41. g4
Nf4+ 42. Nxf4 exf4 43. Qd3 e5 44. Rfc2 Rb8 45. Kf2 Rb4 46. Ke2 Qd6 47. Rc1 Rfb7
48. Rcb1 Qb8 49. Qc2 Rd7 50. Kd3 Qc7 51. Qd1 Rb7 52. Qe2 Qb6 53. Qc2 Qb4 54.
Rc1 Qa3 55. Rcb1 Rb6 56. Qd1 Rdb7 57. Kc2 Qb4 58. Qd3 Kf6 59. Qd2 Rd6 60. Qxb4
d3+ 61. Kd2 cxb4 62. Re1 Rc7 63. Rbb1 Rc5 64. Rbc1 Ke6 65. Rf1 Rd4 66. Rfe1 Kd6
67. Rf1 Rc6 68. Rcd1 Kc5 69. Rde1 Rd7 70. Rd1 Kd4 71. Rfe1 Rc5 1/2-1/2

[Event "LLWestMV2014-15"]
[Site "?"]
[Date "2014.12.07"]
[Round "4.6"]
[White "Rehbein, Hans Juergen"]
[Black "Powilleit, Andy"]
[Result "1/2-1/2"]
[WhiteElo "1622"]
[BlackElo "1583"]
[PlyCount "43"]
[EventType "team-tourn"]
[EventRounds "9"]
[WhiteTeam "SG Eintracht Neubrandenburg II"]
[BlackTeam "VfL Blau Weisz Neukloster"]

1. Nf3 d5 2. b3 c5 3. Bb2 Nc6 4. e3 Bf5 5. Bb5 f6 6. O-O e6 7. d4 a6 8. Be2 b6
9. a3 Bd6 10. c4 Nge7 11. Nc3 Kf7 12. dxc5 Bxc5 13. b4 Bd6 14. cxd5 exd5 15.
Kh1 Be6 16. Rc1 b5 17. Qd2 Qb6 18. Rfd1 Rhd8 19. Qd3 g6 20. Nd4 Nxd4 21. Qxd4
Qxd4 22. Rxd4 1/2-1/2

[Event "LLWestMV2014-15"]
[Site "?"]
[Date "2014.12.07"]
[Round "4.7"]
[White "Vormelker, Christian"]
[Black "Sonnenberg, Uwe"]
[Result "0-1"]
[WhiteElo "1609"]
[BlackElo "1592"]
[PlyCount "120"]
[EventType "team-tourn"]
[EventRounds "9"]
[WhiteTeam "VfL Blau Weisz Neukloster"]
[BlackTeam "SG Eintracht Neubrandenburg II"]

1. e4 e6 2. d4 d5 3. e5 c5 4. c3 Nc6 5. Nf3 cxd4 6. cxd4 Qa5+ 7. Nc3 a6 8. Bd2
Qd8 9. a3 Nge7 10. Bd3 h6 11. O-O Bd7 12. Re1 Nc8 13. Rc1 Be7 14. b4 b5 15. Be3
Nb6 16. Qd2 Nc4 17. Bxc4 bxc4 18. Rb1 Rb8 19. Qc2 O-O 20. Na4 Na7 21. Nc3 a5
22. bxa5 Qxa5 23. Bd2 Qa6 24. Rb2 Nb5 25. Nxb5 Rxb5 26. Rxb5 Bxb5 27. Bb4 Bxb4
28. axb4 Ra8 29. Rb1 Qa3 30. h3 Ra4 31. Rb2 g6 32. Kh2 Rxb4 33. Ra2 Qb3 34. Ne1
Qxc2 35. Rxc2 Rb1 36. Nf3 Ba4 37. Rc3 Rb3 38. Rc1 c3 39. Ne1 Bb5 40. Rc2 Bc4
41. Rc1 Ra3 42. Nc2 Ra2 43. Ne3 Rd2 44. Rxc3 Rxd4 45. Nxc4 Rxc4 46. Rd3 Re4 47.
Re3 Rxe3 48. fxe3 Kg7 49. Kg3 f6 50. exf6+ Kxf6 51. Kf3 Kf5 52. g4+ Ke5 53. h4
g5 54. hxg5 hxg5 55. Kf2 d4 56. exd4+ Kxd4 57. Kf3 Kd3 58. Kf2 e5 59. Kf3 e4+
60. Kf2 Kd2 0-1

[Event "LLWestMV2014-15"]
[Site "?"]
[Date "2014.12.07"]
[Round "4.8"]
[White "Hoerhold, Martin"]
[Black "Linke, Andreas"]
[Result "1-0"]
[WhiteElo "1572"]
[BlackElo "1549"]
[PlyCount "63"]
[EventType "team-tourn"]
[EventRounds "9"]
[WhiteTeam "SG Eintracht Neubrandenburg II"]
[BlackTeam "VfL Blau Weisz Neukloster"]

1. e4 e5 2. Nf3 Nc6 3. Bb5 Bc5 4. c3 d6 5. O-O Bd7 6. d4 exd4 7. cxd4 Bb6 8.
Nc3 Nge7 9. Re1 h6 10. Be3 Na5 11. b4 Nac6 12. Qb3 O-O 13. Bc4 Bg4 14. Rad1 Ng6
15. Be2 Bxf3 16. Bxf3 Qd7 17. Bh5 Kh7 18. f4 f5 19. e5 dxe5 20. dxe5 Bxe3+ 21.
Rxe3 Qf7 22. Rg3 Nce7 23. Qxf7 Rxf7 24. Rd7 Rff8 25. Bxg6+ Nxg6 26. Rxc7 Rac8
27. Rxb7 a6 28. Nd5 Rc6 29. Nf6+ Rfxf6 30. exf6 Rxf6 31. a4 Nxf4 32. Rgxg7+ 1-0

[Event "LLWestMV2014-15"]
[Site "?"]
[Date "2014.12.07"]
[Round "4.1"]
[White "Rabinowitsch, Juri"]
[Black "Stadler, Bertino"]
[Result "0-1"]
[WhiteElo "1891"]
[BlackElo "1891"]
[PlyCount "130"]
[EventType "team-tourn"]
[EventRounds "9"]
[WhiteTeam "SF Schwerin IV"]
[BlackTeam "SV Empor Kuehlungsborn"]

1. e4 c5 2. Nf3 Nc6 3. d4 cxd4 4. Nxd4 d6 5. Nc3 g6 6. Be3 Bg7 7. Qd2 Bd7 8.
O-O-O a6 9. Nd5 Nxd4 10. Bxd4 Bxd4 11. Qxd4 f6 12. Nb6 Rb8 13. Bc4 Nh6 14. f3
Nf7 15. h4 Rf8 16. f4 Qc7 17. e5 fxe5 18. Bxf7+ Rxf7 19. fxe5 Bf5 20. c3 dxe5
21. Qe3 e6 22. h5 Rd8 23. Rxd8+ Qxd8 24. hxg6 Bxg6 25. Nc4 Qd5 26. b3 b5 27.
Rd1 Qxg2 28. Nd6+ Kf8 29. Rd2 Rf1+ 30. Kb2 Qh1 31. Ka3 Rf3 32. Qc5 Qc1+ 33. Rb2
Qxc3 34. Nc4+ Kg7 35. Qxe5+ Qxe5 36. Nxe5 Re3 37. Nc6 Be8 38. Nd4 Re4 39. Rg2+
Kf7 40. Rd2 Ke7 41. Kb2 h5 42. Kc3 Re3+ 43. Kb4 Re4 44. Ka5 h4 45. Kxa6 h3 46.
Nxb5 Rh4 47. Rh2 Bc6 48. Nc3 Bg2 49. a3 Kd7 50. Kb6 e5 51. Kc5 Rh8 52. a4 Rc8+
53. Kb4 Rb8+ 54. Kc4 Kc6 55. b4 Rd8 56. a5 Rd4+ 57. Kb3 e4 58. b5+ Kc5 59. b6
Kc6 60. Kc2 e3 61. Kb3 Rd2 62. Kb4 e2 63. Nxe2 Rxe2 64. Ka4 Re1 65. Kb4 Rh1 0-1

[Event "LLWestMV2014-15"]
[Site "?"]
[Date "2014.12.07"]
[Round "4.2"]
[White "Kornblum, Harry"]
[Black "Kupfernagel, Michael"]
[Result "1-0"]
[WhiteElo "1870"]
[BlackElo "1870"]
[PlyCount "110"]
[EventType "team-tourn"]
[EventRounds "9"]
[WhiteTeam "SV Empor Kuehlungsborn"]
[BlackTeam "SF Schwerin IV"]

1. d4 Nf6 2. Nf3 g6 3. c4 Bg7 4. Nc3 d6 5. e4 O-O 6. Be2 c5 7. O-O Na6 8. d5
Bd7 9. h3 Nc7 10. Be3 Kh8 11. e5 Ng8 12. Qd2 b6 13. Bf4 Ne8 14. Rad1 dxe5 15.
Nxe5 Nd6 16. Rfe1 Rc8 17. b3 Nf5 18. Bg4 Ngh6 19. Nxd7 Qxd7 20. Bxh6 Bxh6 21.
Qxh6 Nxh6 22. Bxd7 Rc7 23. Bg4 Rd8 24. Nb5 Rb7 25. Re3 Kg7 26. a4 a6 27. Nc3
Ng8 28. Rde1 Kf8 29. f4 Nf6 30. Bf3 Rc7 31. g4 Ne8 32. Ne4 Rb8 33. Be2 Rd8 34.
Kf2 Ng7 35. Kg3 h6 36. h4 h5 37. Nc3 Rd6 38. Bd3 hxg4 39. Kxg4 Nh5 40. f5 Nf6+
41. Kh3 Nh5 42. Rf3 Kg7 43. fxg6 fxg6 44. Ne4 Rdd7 45. Ng5 Ra7 46. Rf7+ Kg8 47.
Bxg6 Nf6 48. Ne6 Ra8 49. Rf1 Rda7 50. Rf3 Kh8 51. Bd3 a5 52. Rg3 Rg8 53. Rg6
Rxg6 54. Bxg6 Ra8 55. Rxe7 Rf8 1-0

[Event "LLWestMV2014-15"]
[Site "?"]
[Date "2014.12.07"]
[Round "4.3"]
[White "Jung, Werner"]
[Black "Busz, Stephan"]
[Result "1-0"]
[WhiteElo "1896"]
[BlackElo "1887"]
[PlyCount "57"]
[EventType "team-tourn"]
[EventRounds "9"]
[WhiteTeam "SF Schwerin IV"]
[BlackTeam "SV Empor Kuehlungsborn"]

1. e4 c6 2. d4 d5 3. Nc3 dxe4 4. Nxe4 Nf6 5. Nxf6+ gxf6 6. Nf3 Bf5 7. Bc4 Nd7
8. Nh4 Bg6 9. Bf4 e6 10. Qd2 Nb6 11. Bb3 Nd5 12. Bg3 Be7 13. Nxg6 hxg6 14.
O-O-O a5 15. c4 a4 16. Bc2 Bb4 17. Qe2 a3 18. cxd5 axb2+ 19. Kb1 Rxa2 20. Bb3
Ra3 21. Kxb2 Qa5 22. Rc1 O-O 23. dxe6 Ra8 24. exf7+ Kg7 25. Qe6 Qb6 26. Qc4 Bd2
27. f8=Q+ Rxf8 28. Kxa3 Qa5+ 29. Kb2 1-0

[Event "LLWestMV2014-15"]
[Site "?"]
[Date "2014.12.07"]
[Round "4.4"]
[White "Gipp, Thomas"]
[Black "Goertz, Frank"]
[Result "0-1"]
[WhiteElo "1859"]
[BlackElo "1859"]
[PlyCount "42"]
[EventType "team-tourn"]
[EventRounds "9"]
[WhiteTeam "SV Empor Kuehlungsborn"]
[BlackTeam "SF Schwerin IV"]

1. d4 d5 2. c4 c6 3. cxd5 cxd5 4. Nc3 Nf6 5. Nf3 e6 6. Bg5 Nbd7 7. e3 Be7 8.
Bd3 O-O 9. O-O a6 10. Rc1 b5 11. e4 dxe4 12. Nxe4 Bb7 13. Nc5 Nxc5 14. dxc5 Rc8
15. Ne5 Rxc5 16. Rxc5 Bxc5 17. Bxf6 Qxf6 18. Qh5 g6 19. Ng4 Qd4 20. Qg5 f6 21.
Qc1 Qxg4 0-1

[Event "LLWestMV2014-15"]
[Site "?"]
[Date "2014.12.07"]
[Round "4.5"]
[White "Siegert, Gregor"]
[Black "Pross, Benjamin"]
[Result "1-0"]
[WhiteElo "1849"]
[BlackElo "1849"]
[PlyCount "45"]
[EventType "team-tourn"]
[EventRounds "9"]
[WhiteTeam "SF Schwerin IV"]
[BlackTeam "SV Empor Kuehlungsborn"]

1. Nf3 Nf6 2. g3 g6 3. Bg2 Bg7 4. O-O O-O 5. c4 d6 6. d4 Nbd7 7. Nc3 e5 8. d5
Nh5 9. e4 b6 10. Be3 Nhf6 11. Nd2 a5 12. f3 Nb8 13. a3 Na6 14. b4 Nb8 15. c5
axb4 16. axb4 Rxa1 17. Qxa1 bxc5 18. bxc5 dxc5 19. Bxc5 Re8 20. Qa7 Nbd7 21.
Be3 Nf8 22. Nb5 Bd7 23. Nxc7 1-0

[Event "LLWestMV2014-15"]
[Site "?"]
[Date "2014.12.07"]
[Round "4.7"]
[White "Krueger, Gerhard"]
[Black "Prueter, Reinhard"]
[Result "1-0"]
[WhiteElo "1814"]
[BlackElo "1814"]
[PlyCount "155"]
[EventType "team-tourn"]
[EventRounds "9"]
[WhiteTeam "SF Schwerin IV"]
[BlackTeam "SV Empor Kuehlungsborn"]

1. e4 d6 2. d4 Nf6 3. Bd3 c6 4. h3 e5 5. Nf3 Nbd7 6. O-O Be7 7. Be3 O-O 8. c4
Qc7 9. Nc3 exd4 10. Nxd4 Nc5 11. Bc2 g6 12. f4 Re8 13. f5 Ncd7 14. fxg6 hxg6
15. Bg5 Qb6 16. b3 Qa5 17. Qd2 Nh7 18. Bxe7 Rxe7 19. Rf2 Qc7 20. Raf1 Ne5 21.
Qh6 Be6 22. Rf4 g5 23. R4f2 Qd8 24. Nf5 Bxf5 25. exf5 f6 26. Ne4 Rf7 27. Rd1
Rd7 28. Rfd2 d5 29. Ng3 Qf8 30. Qxf8+ Nxf8 31. cxd5 cxd5 32. Rxd5 Rad8 33. Rxd7
Rxd7 34. Rxd7 Nfxd7 35. Be4 b6 36. Bd5+ Kf8 37. Ne4 Ke7 38. Kf1 Nd3 39. Nc3
N3c5 40. Bc4 Ne5 41. Nd5+ Kd6 42. Ne3 Ne4 43. Ba6 Kc5 44. Bb7 Nd6 45. Ba8 Kd4
46. Ke2 Nd7 47. Kd2 Ke5 48. g4 Nc5 49. Bg2 Na6 50. Kc3 Nc7 51. Kd3 Na6 52. Nc4+
Nxc4 53. Kxc4 Nc7 54. Kd3 Na6 55. a3 Nc7 56. b4 Ne8 57. a4 Nd6 58. Bc6 Kf4 59.
Kd4 Kg3 60. Kd5 Nf7 61. Bb5 Kxh3 62. Ke6 Nh6 63. Kxf6 Kxg4 64. Bd7 Kf4 65. Kg6
Ng4 66. Bc8 Ne5+ 67. Kg7 g4 68. f6 g3 69. Bh3 Ke3 70. f7 Nd7 71. f8=Q Nxf8 72.
Kxf8 Kf2 73. Ke7 g2 74. Bxg2 Kxg2 75. Kd6 Kf3 76. Kc6 Ke3 77. Kb7 Kd4 78. Kxa7
1-0

[Event "LLWestMV2014-15"]
[Site "?"]
[Date "2014.12.07"]
[Round "4.8"]
[White "Silwedel, Bjoern"]
[Black "Focke, Adrian"]
[Result "1/2-1/2"]
[WhiteElo "1486"]
[BlackElo "1486"]
[PlyCount "67"]
[EventType "team-tourn"]
[EventRounds "9"]
[WhiteTeam "SV Empor Kuehlungsborn"]
[BlackTeam "SF Schwerin IV"]

1. e4 e5 2. Nf3 Nc6 3. Bb5 a6 4. Ba4 b5 5. Bb3 Bc5 6. c3 Nge7 7. O-O O-O 8.
Nxe5 Nxe5 9. d4 Bb6 10. dxe5 Ng6 11. Kh1 Nxe5 12. f4 Ng6 13. f5 Ne5 14. Qd5 Ng4
15. Bd1 c6 16. Qd2 Nxh2 17. Rf4 Bc7 18. g3 Bxf4 19. Qxf4 d5 20. e5 Qc7 21. f6
gxf6 22. Qxf6 Qd8 23. Kxh2 Qxf6 24. exf6 Re8 25. Bf3 Re1 26. Bd2 Rf1 27. Bg2
Rxf6 28. Bf4 Bf5 29. Nd2 Re8 30. Bf3 Rfe6 31. Nb3 Re1 32. Rxe1 Rxe1 33. Nd4 Be4
34. Kh3 $11 1/2-1/2

[Event "LLWestMV2014-15"]
[Site "?"]
[Date "2014.12.07"]
[Round "4.2"]
[White "Schreiber, Felix"]
[Black "Blume, Christian"]
[Result "1/2-1/2"]
[WhiteElo "1808"]
[BlackElo "1808"]
[PlyCount "29"]
[EventType "team-tourn"]
[EventRounds "9"]
[WhiteTeam "SC Mecklenburger Springer"]
[BlackTeam "Putlitzer SV"]

1. d4 d5 2. Nf3 Nf6 3. e3 e6 4. Bd3 Nbd7 5. Nbd2 Bd6 6. O-O O-O 7. b3 e5 8.
dxe5 Nxe5 9. Bb2 Nxd3 10. cxd3 Bg4 11. Qc2 Re8 12. Rfe1 Nd7 13. e4 dxe4 14.
dxe4 Ne5 15. Nxe5 1/2-1/2

[Event "LLWestMV2014-15"]
[Site "?"]
[Date "2014.12.07"]
[Round "4.3"]
[White "Vieten, Florian"]
[Black "Konrad, Andreas"]
[Result "1/2-1/2"]
[WhiteElo "1674"]
[BlackElo "1674"]
[PlyCount "64"]
[EventType "team-tourn"]
[EventRounds "9"]
[WhiteTeam "Putlitzer SV"]
[BlackTeam "SC Mecklenburger Springer"]

1. e4 c6 2. b3 d5 3. Bb2 dxe4 4. Nc3 Bf5 5. Nge2 Nf6 6. Ng3 Bg6 7. Qe2 Nbd7 8.
Ngxe4 e6 9. d4 Qa5 10. Nxf6+ Nxf6 11. Qe5 Qxe5+ 12. dxe5 Nd7 13. O-O-O O-O-O
14. Be2 Bc5 15. Rhf1 Nb6 16. Bd3 Bxd3 17. cxd3 Nd5 18. d4 Nxc3 19. Bxc3 Bb6 20.
Rd3 Rd7 21. Kd2 Rhd8 22. Ke3 Rd5 23. f4 R8d7 24. g4 h6 25. Ke4 f6 26. Rff3 Rf7
27. Bb4 Bc7 28. h3 f5+ 29. Ke3 a5 30. Ba3 fxg4 31. hxg4 Bb6 32. Ke4 Rfd7
1/2-1/2

[Event "LLWestMV2014-15"]
[Site "?"]
[Date "2014.12.07"]
[Round "4.4"]
[White "Oelke, Bernd"]
[Black "Schreiber, Nico"]
[Result "1/2-1/2"]
[WhiteElo "1774"]
[BlackElo "1774"]
[PlyCount "32"]
[EventType "team-tourn"]
[EventRounds "9"]
[WhiteTeam "SC Mecklenburger Springer"]
[BlackTeam "Putlitzer SV"]

1. d4 d5 2. Nf3 Nf6 3. Bf4 Bf5 4. e3 e6 5. Nbd2 Bd6 6. Ne5 Qe7 7. c4 dxc4 8.
Bxc4 Nbd7 9. O-O O-O 10. Ndf3 h6 11. h3 Rfd8 12. Bh2 Nb6 13. Bb3 c5 14. Qe2
cxd4 15. Nxd4 Bh7 16. Rfd1 a6 1/2-1/2